000 01662nam2a22002651 4500
001 rc\2302998
005 20110829141023.7
035 _a(NLR Aleph) 006468060
090 _a5905997
_c5905997
100 _a20110829d1977 |||y0rusy50 ca
101 0 _arus
102 _aRU
105 _ay c |||||
200 1 _aЛитература о жизни и деятельности В.И. Ленина
_eИсторические места, связанные с жизнью и деятельностью В.И. Ленина в СССР и за рубежом
_eВспомогательные указатели
_f[Подгот. Л.А. Барчан, Л.К. Лукьянова, М.С. Старшинова и др.]
_hЧ. 3
_iМузеи В.И. Ленина
210 _d1977
215 _a239 с.
461 0 _1001rc\2302997
_12001#$aЛениниана$eБиблиогр. произведений В.И. Ленина и литературы о нем. 1956-1967 гг.$eТ. 3$fИн-т марксизма-ленинизма при ЦК КПСС. Гос. б-ка СССР им. В.И. Ленина$vТ. 3
_95905990
_cМосква
_d1977
_fИн-т марксизма-ленинизма при ЦК КПСС. Гос. б-ка СССР им. В.И. Ленина
_nКнига
_oБиблиогр. произведений В.И. Ленина и литературы о нем. 1956-1967 гг. : Т. 3
_tЛениниана
_vТ. 3
702 1 _aЛукьянова
_bЛ. К.
_4570
702 1 _aБарчан
_bЛ. А.
_4570
702 1 _aСтаршинова
_bМ. С.
_4570
801 0 _aRU
_bNLR
_gpsbo
801 1 _aRU
_bELAR
_2rusmarc
852 _aNLR
_j76/Л-45
942 _cBOOK
980 _aNB